000 00823nam a2200217Ii 4500
003 JO-AjNU
008 230605s9999||||xx |||||||||||||| ||und||
040 _aJO-AjNU
_bara
_erda
_cJO-AjNU
041 _aara
050 1 4 _aDS79.76 .H37 2006
100 3 _aتاليف حسيب، خير الدين,
_eauthor
_913050
245 0 0 _aالعراق من الإحتلال إلى التحرير 
250 _aط1
264 3 1 _aبيروت: مركز دراسات الوحدة العربية، 2006
300 _a487ص
_bفهارس :ص (469-487)
336 _atext
_btxt
_2rdacontent
337 _aunmediated
_bn
_2rdamedia
338 _avolume
_bnc
_2rdacarrier
490 0 _aسلسلة كتب المستقبل؛ 51
650 4 _aقومية عربية. العراق--الاحوال السياسية،العراق--تاريخ
_913051
999 _aA3147
_c6715
_d6715